Tempos Tucânicos - Statistics

Estatísticas Gerais
  • Esse quiz foi jogado 2 371 vezes
  • A pontuação média é 11 de 13
Estatísticas das Respostas
Tempos Resposta % Correto
Máx uso do reverso (minuto) 1
93%
Máx voo invertido 30
91%
Intervalo Reg. Assento (minuto) 8
89%
Recolhimento do flape 11
88%
Máx Regulador Assento (minuto) 1
87%
Máx voo na faca 10
87%
Baixamento de flape 12
87%
Máx voo ascendente 15
86%
Op. AvGas (horas) 150
86%
Ciclo do trem 11-15
84%
Máx voo desc. sem motor 20
84%
Op. Baixa pressão Comb. (horas) 10
83%
Máx voo descendente 3
83%
Nenhum quiz correspondente encontrado
Distribuição das Pontuações
Porcentagem de Pessoas com Cada Pontuação
Percentil de Números Respondidos
Sua Pontuação Histórica
Você não jogou esse quiz